000 00659nam a2200229Ia 4500
003 OSt
005 20220923214709.0
006 a|||||r|||| 00| 0
007 ta
008 220922b |||||||| |||| 00| 0 hin d
024 _a171,728
037 _cTextual
040 _aARTS
_cARTS
_bhin
041 _2hin
_ahin
082 _aO152:3N264:1, L2
100 _aत्रिपाठी, रमानाथ
245 0 _aसपनों के टुकड़े
246 _aSapanoan ke ṭukaड़e
260 _c1972
942 _hO152:3N264:1, L2
_cTEXL
_2CC
999 _c325869
_d325869